Vereinzelung und Massenwahn : Elias Canettis Roman Die Blendung.

Salvato in:
Dettagli Bibliografici
Autore principale: Dissinger, Dieter
Natura: Libro
Lingua:German
Pubblicazione: Bonn : Bouvier, 1971.
Serie:Studien zur Germanistik, Anglistik und Komparatistik ; Bd.11
Soggetti:
LEADER 00807nam a22002051 4500
001 c000347054
003 CARM
005 00000000000000.0
008 851003s1971 gw 1 ger d
019 1 |a 5473245  |z 3971199  |5 LACONCORD2021 
035 |a (OCoLC)300839  |5 LACONCORD2021 
100 1 |a Dissinger, Dieter. 
245 1 0 |a Vereinzelung und Massenwahn :  |b Elias Canettis Roman Die Blendung. 
260 |a Bonn :  |b Bouvier,  |c 1971. 
490 0 |a Studien zur Germanistik, Anglistik und Komparatistik ;  |v Bd.11 
600 1 0 |a Canetti, Elias,  |d 1905- .  |t Blendung. 
852 8 |b CARM  |h A1:AN16C0  |i C09751  |p 0418876  |f BK 
082 0 4 |a 833.9 
999 f f |i ccc0f57e-25e8-5418-8ee4-1b69751bc7aa  |s b6a828db-9a7c-5e5d-95c5-a3cf8bea217c 
952 f f |p Can circulate  |a CAVAL  |b CAVAL  |c CAVAL  |d CARM 1 Store  |e C09751  |f A1:AN16C0  |h Other scheme  |i book  |m 0418876